| 000 | 01042cab a2200229 4500 | ||
|---|---|---|---|
| 001 | ABS37196 | ||
| 008 | 090401t1986 xxu||||| |||| 00| 0 eng d | ||
| 035 | _a(Sirsi) u2778 | ||
| 041 | _aeng | ||
| 245 | _aNo spray scheme boosts wildlife | ||
| 260 | _c1986 | ||
| 350 | _a0 | ||
| 490 |
_aBritish Farmer _v, October 1986, 14(1) |
||
| 520 | _aA conservation project started less than three years ago shows that game and wildlife thrive if farmers spare a six metre wide strip round the edge of cereal fields when spraying. The potential yield loss is small but wildlife benefits are considerable and a management technique to increase grey partridge numbers has been developed. The project is run by the Game Conservancy and is financed by subscriptions from farmers and landowners and a grant from the Natural Environment Research Council . | ||
| 650 | _aCEREALS AND GAMEBIRDS RESEARCH PROJECT | ||
| 650 | _aCONSERVATION | ||
| 650 | _aFARMING | ||
| 650 | _aWILDLIFE | ||
| 690 | _aRURAL PRACTICE | ||
| 942 | _n0 | ||
| 948 | _c04/03/1997 | ||
| 999 |
_c1671 _d1671 |
||